[Event "Utrecht OKU op 49th"]
[Site "Utrecht"]
[Date "2024.05.11"]
[Round "4"]
[White "Aarts, Joaquin"]
[Black "Galje, Hans"]
[Result "0-1"]
[WhiteElo "1940"]
[BlackElo "1970"]
[PlyCount "40"]
[EventDate "2024.05.10"]
[EventType "swiss"]
[EventRounds "6"]
[EventCountry "NED"]
[SourceTitle "CB20_2024"]
[SourceDate "2024.05.16"]
[SourceVersion "1"]
[SourceVersionDate "2024.05.16"]
[SourceQuality "1"]

1. d4 Nf6 2. c4 e6 3. Nc3 Bb4 4. f3 c5 5. d5 b5 6. e4 d6 7. Bd2 Bxc3 8. Bxc3 b4 9. Bd2 Nfd7 10. Nh3 0-0 11. Be2 exd5 12. exd5 Qh4+ 13. Nf2 Ne5 14. f4 Ng6 15. g3 Qe7 16. 0-0 Nd7 17. Bd3 Nf6 18. g4 h6 19. Qf3 Re8 20. Kg2 Nh4+ 0-1

[Event "LSS SA-2022-0-00804"]
[Site "LSS email"]
[Date "2022.07.09"]
[Round "?"]
[White "Evans, Stan"]
[Black "Galje, Hans"]
[Result "1/2-1/2"]
[WhiteElo "2029"]
[BlackElo "2120"]
[PlyCount "61"]
[EventDate "2022.06.03"]
[EventType "tourn (corr)"]
[EventRounds "6"]
[EventCountry "GER"]
[SourceTitle "Corr 2024"]
[Source "ChessBase"]
[SourceDate "2023.10.19"]
[SourceVersion "1"]
[SourceVersionDate "2023.10.19"]
[SourceQuality "1"]

1. e4 e6 2. d4 d5 3. Nc3 Bb4 4. e5 c5 5. a3 Bxc3+ 6. bxc3 Ne7 7. Qg4 Qc7 8. Qxg7 Rg8 9. Qxh7 cxd4 10. Ne2 Nbc6 11. f4 dxc3 12. h4 Bd7 13. h5 0-0-0 14. Qd3 d4 15. h6 Rg6 16. h7 Rh8 17. Nxd4 Nxd4 18. Qxd4 Bc6 19. Bd3 Rxg2 20. Be3 Rg7 21. Rh3 b6 22. 0-0-0 Kb7 23. Qc4 Ng6 24. Be4 Bxe4 25. Qxe4+ Kb8 26. Rd6 Rgxh7 27. Bxb6 Qb7 28. Bxa7+ Ka8 29. Qxb7+ Kxb7 30. Rxc3 Kxa7 31. Rc7+ 1/2-1/2

[Event "Hilversum op"]
[Site "Hilversum"]
[Date "2022.06.17"]
[Round "1"]
[White "Van Foreest, Machteld"]
[Black "Galje, Hans"]
[Result "1/2-1/2"]
[WhiteElo "2295"]
[BlackElo "2009"]
[PlyCount "82"]
[EventDate "2022.06.17"]
[EventType "swiss"]
[EventRounds "6"]
[EventCountry "NED"]
[SourceTitle "CBM 208 Extra"]
[Source "ChessBase"]
[SourceDate "2022.07.31"]
[SourceVersion "1"]
[SourceVersionDate "2022.07.31"]
[SourceQuality "1"]

1. e4 e6 2. d4 d5 3. Nd2 c5 4. exd5 Qxd5 5. dxc5 Bxc5 6. Ngf3 Nf6 7. Bc4 Qd8 8. 0-0 0-0 9. Qe2 Nc6 10. Nb3 Be7 11. Rd1 Qc7 12. c3 b6 13. Nbd4 Nxd4 14. Rxd4 Bb7 15. Bf4 Qc6 16. b4 Rad8 17. Rad1 Rxd4 18. Rxd4 Rd8 19. Qd3 Rxd4 20. Qxd4 Qe4 21. h3 Qxd4 22. Nxd4 Ne4 23. Ne2 Bf6 24. b5 e5 25. Bh2 Nd6 26. Bd3 e4 27. Bc2 Nxb5 28. c4 Nd4 29. Nxd4 Bxd4 30. Bb8 a5 31. Bd6 g6 32. Bb3 Kg7 33. Kf1 f5 34. Ke2 Kf6 35. f3 exf3+ 36. gxf3 g5 37. Bc2 h5 38. Bc7 g4 39. fxg4 hxg4 40. hxg4 fxg4 41. Bf4 Bf3+ 1/2-1/2

[Event "Utrecht Keres Memorial"]
[Site "Utrecht"]
[Date "2022.05.27"]
[Round "1"]
[White "Peng, Zhaoqin"]
[Black "Galje, Hans"]
[Result "1-0"]
[WhiteElo "2349"]
[BlackElo "2020"]
[PlyCount "103"]
[EventDate "2022.05.27"]
[EventType "swiss"]
[EventRounds "6"]
[EventCountry "NED"]
[SourceTitle "CBM 208 Extra"]
[Source "ChessBase"]
[SourceDate "2022.07.31"]
[SourceVersion "1"]
[SourceVersionDate "2022.07.31"]
[SourceQuality "1"]

1. d4 Nf6 2. Nf3 e6 3. Bf4 c5 4. c3 b6 5. Nbd2 Bb7 6. e3 Be7 7. h3 0-0 8. Bd3 cxd4 9. exd4 d6 10. 0-0 Nbd7 11. Re1 Re8 12. Bh2 Bf8 13. a4 Qc7 14. a5 Rad8 15. axb6 axb6 16. Bb5 Ra8 17. Qe2 Rxa1 18. Rxa1 Ra8 19. Rb1 Rc8 20. c4 Bc6 21. Bxc6 Qxc6 22. b4 Qa4 23. Qd3 Ra8 24. Bf4 Be7 25. Ng5 e5 26. Be3 h6 27. Nge4 Nxe4 28. Qxe4 Rc8 29. Qb7 Qc6 30. Qxc6 Rxc6 31. Ra1 exd4 32. Bxd4 Bf6 33. Ra8+ Kh7 34. Ra7 Bxd4 35. Rxd7 Bc3 36. b5 Rc8 37. Ne4 Rxc4 38. Nxc3 Rxc3 39. Rxd6 Rc1+ 40. Kh2 g6 41. Rxb6 Rb1 42. Kg3 Rb4 43. Kf3 Kg7 44. g3 Rb2 45. h4 h5 46. Ke3 Rb4 47. Kd3 Rb2 48. Kc3 Rxf2 49. Rd6 Rf3+ 50. Rd3 Rf6 51. Kc4 Rf1 52. b6 1-0